Vedanta for all (Record no. 153509)

MARC details
000 -LEADER
fixed length control field 00680nam a22001937a 4500
005 - DATE AND TIME OF LATEST TRANSACTION
control field 20180706134114.0
010 ## - LCCN (DPL NO)
LC control number B-061083
020 ## - INTERNATIONAL STANDARD BOOK NUMBER
International Standard Book Number 8171209343
035 ## - SYSTEM CONTROL NUMBER
System control number B-061083
037 ## - SOURCE OF ACQUISITION
Source of stock number/acquisition Sri Ramakrishna Math, Chennai
082 ## - DEWEY DECIMAL CLASSIFICATION NUMBER
Classification number 181.43
100 ## - MAIN ENTRY--PERSONAL NAME
Personal name Satprakashananda, Swami
245 ## - TITLE STATEMENT
Title Vedanta for all
Statement of responsibility, etc Swami Satprakashananda
260 ## - PUBLICATION, DISTRIBUTION, ETC. (IMPRINT)
Place of publication, distribution, etc Chennai
Name of publisher, distributor, etc Sri Ramakrishna Math, Chennai
270 ## - ADDRESS
Address Sri Ramakrishna Math Printing press Mylapore, Chennai-4
City Chennai
300 ## - PHYSICAL DESCRIPTION
Extent 277p.
Dimensions 18cm(hb)
942 ## - ADDED ENTRY ELEMENTS (KOHA)
Source of classification or shelving scheme Dewey Decimal Classification
Item type English Books
Classification part 181.43
Call number suffix SAT
Holdings
Withdrawn status Lost status Not for loan Collection code Home library Current library Date acquired Full call number Barcode Koha item type
      Non-fiction Sarojini Nagar Sarojini Nagar 06/07/2018 181.43 SAT B-061083 English Books

© Delhi Public Library
Hit Counter
free hit counter